00554nam a2200181Ia 4500001000800000003000500008008004100013010001100054040000900065100002100074245007000095260009300165300001000258410003400268650002200302650002400324700002400348Para_35CHAP220125s1954 xx 000 0 und d a198695 cCHAP aFourzán H., R. aEl picudo del algodonero /c por R. Fourzán H., C. Caballero B aCd. Delicias, Chih. :b Patronato para la Investigación, Fomento y Defensa Agrícola a28 p. aBoletín de Divulgación; 3 aAlgodónxPlagas aAnthonomus grandis  aI. Caballero B., C.